[Event "BRA-ch (Women) 60th"]
[Site "Cuiaba"]
[Date "2021.11.03"]
[Round "10"]
[White "Oliveira, Emanuelle Alves"]
[Black "Do Amaral Vailant, Helena Ketheryne"]
[Result "1/2-1/2"]
[WhiteElo "1683"]
[BlackElo "1414"]
[PlyCount "82"]
[EventDate "2021.10.28"]
[EventType "swiss"]
[EventRounds "11"]
[EventCountry "BRA"]
[SourceTitle "CBM 205 Extra"]
[Source "ChessBase"]
[SourceDate "2022.01.31"]
[SourceVersion "1"]
[SourceVersionDate "2022.01.31"]
[SourceQuality "1"]

1. d4 Nf6 2. e3 d5 3. Bd3 e6 4. Nd2 c5 5. c3 Nc6 6. a3 cxd4 7. cxd4 Bd6 8. f4 Qa5 9. Ngf3 Ne4 10. Bxe4 dxe4 11. Ne5 Nxe5 12. fxe5 Bb4 13. Qg4 0-0 14. Qxe4 Bxd2+ 15. Bxd2 Qa6 16. Bb4 Rd8 17. Rc1 Bd7 18. Rf1 Bc6 19. Qf4 Rd7 20. g4 Qd3 21. h4 Qe4 22. Qxe4 Bxe4 23. Rc3 h6 24. Kf2 g5 25. Kg3 Kg7 26. Rfc1 Bc6 27. Bd6 Kg6 28. h5+ Kg7 29. Rc4 Rad8 30. b4 a6 31. Ra1 Kg8 32. Rc5 Kg7 33. a4 Kg8 34. b5 axb5 35. axb5 Be4 36. Rac1 Ra8 37. Rc8+ Rd8 38. Rxd8+ Rxd8 39. Be7 Ra8 40. Bf6 Bd5 41. Rc3 Be4 1/2-1/2

[Event "Baianos-ch (Women)"]
[Site "Salvador"]
[Date "2015.10.11"]
[Round "5"]
[White "Oliveira, Emanuelle Alves"]
[Black "Schade, Denise Patricia Oli"]
[Result "1/2-1/2"]
[WhiteElo "1467"]
[BlackElo "1766"]
[PlyCount "31"]
[EventDate "2015.10.10"]
[EventType "tourn"]
[EventRounds "7"]
[EventCountry "BRA"]
[SourceTitle "EXT 2022"]
[Source "ChessBase"]
[SourceDate "2021.10.06"]
[SourceVersion "1"]
[SourceVersionDate "2021.10.06"]
[SourceQuality "1"]

1. d4 Nf6 2. Bg5 e6 3. e3 Be7 4. Bd3 d5 5. Nd2 0-0 6. f4 c5 7. c3 cxd4 8. cxd4 Bb4 9. Nh3 h6 10. Bh4 Qa5 11. Bxf6 Bxd2+ 12. Qxd2 Qxd2+ 13. Kxd2 gxf6 14. Rac1 Nc6 15. a3 a6 16. Rcf1 1/2-1/2

[Event "Baianos-ch (Women)"]
[Site "Salvador"]
[Date "2015.10.11"]
[Round "4"]
[White "Oliveira, Lara Carolina De Al"]
[Black "Oliveira, Emanuelle Alves"]
[Result "1-0"]
[WhiteElo "1793"]
[BlackElo "1467"]
[PlyCount "49"]
[EventDate "2015.10.10"]
[EventType "tourn"]
[EventRounds "7"]
[EventCountry "BRA"]
[SourceTitle "EXT 2022"]
[Source "ChessBase"]
[SourceDate "2021.10.06"]
[SourceVersion "1"]
[SourceVersionDate "2021.10.06"]
[SourceQuality "1"]

1. e4 e6 2. d4 d5 3. e5 c5 4. c3 Nc6 5. Nf3 c4 6. a3 f6 7. Nbd2 fxe5 8. Nxe5 Nxe5 9. dxe5 g6 10. Nf3 Be7 11. Be2 Qc7 12. 0-0 Bd7 13. Be3 b6 14. Bd4 0-0-0 15. b3 Be8 16. Qc2 Bb5 17. bxc4 dxc4 18. Rab1 Ba6 19. Nd2 Rd7 20. Bg4 Qc6 21. Bf3 Qc7 22. Bg4 Qc6 23. Qe4 Qxe4 24. Nxe4 Bd8 25. Bxe6 1-0